01120nam a2200253 a 450000100060000000300080000600500170001400800410003103500190007204000350009104100080012608200280013410000270016224503320018926000500052130000360057150000190060765000300062665000730065665100350072970000520076470000280081670000220084461166BD-RjUL20211209080929.0170115s1958 ii ach 001 0 eng d a(BD-RjUL)61290 aBD-RjULcBD-RjULdBD-RjULbeng1 aeng 223a686.20954bPRP 19581 aPriolkar, Anant Kakba.14aThe printing press in India :bits beginnings and early development, being a quatercentenary commemoration study of the advent of printing in India in 1556 /cWith a foreword by Chintaman D. Deshmukh. And An historical essay on the Konkani language, by J. H. da Cunha Rivara, translated from the Portuguese by Theophilus Lobo. aBombay :bMarathi Samshodhana Mandala,c1958. axviii, 363 p. :bill. ;c23 cm. aIncludes index 0aPrintingzIndiaxHistory. 0aEarly printed bookszIndiazGoa (State)y17th centuryvBibliography. 0aGoa (India : State)xImprints.1 aRivara, Joaquim Heliodoro da Cunha,d1809-1879.1 a Deshmukh, Chintaman D.1 a Lobo, Theophilus